Les différents noms donnés aux bateaux et embarcations - Statistiques

Statistiques générales
  • Ce quiz a été pris 193 fois
  • Le résultat moyen est 18 sur 41
Statistiques - réponses
Indice Nom du bateau % Correct
Bateau à voiles (pièces de tissu), propulsé par la force du vent voilier
80%
Petit bateau mû à l'aviron, à la rame ou au moteur barque
78%
Navire submersible qui se déplace dans trois dimensions, en surface et sous l'eau sous marin
76%
Petite embarcation que l'on manoeuvre avec une pagaie double kayak
74%
Assemblage de pièces de bois, de roseaux, etc., constituant une plate-forme flottante susceptible de porter des personnes ou des marchandises radeau
71%
Embarcation mue grâce au pédalage d'un ou deux passagers pedalo
70%
Grand navire de commerce dédié au transport de passagers en haute mer ou pour de longs trajets paquebot
67%
Bateau à fond plat utilisé pour le transport fluvial péniche
67%
Navire dont l'étrave est renforcée afin de briser la glace brise glace
65%
Navire de guerre de taille moyenne, capable d’assurer plusieurs types de missions : protection d'un bâtiment précieux, lutte anti-navire, lutte anti sous-marine ou anti-aérienne, surveillance d’une zone maritime… ... frégate
65%
Navire de guerre aménagé servant de base aux avions de combat porte avions
65%
Barque de couleur noire à une rame utilisée dans la ville de Venise en Italie gondole
63%
Navire-citerne servant à transporter le pétrole ainsi que ses dérivés pétrolier
62%
Type de navette utilisée pour le tourisme fluvial à Paris ainsi qu'à Strasbourg et Lyon bateau mouche
61%
Santa Maria-Pinta-Nina : les 3 bateaux de Christophe Colomb caravelle
58%
Embarcation, de petite taille, propulsée à la rame, la godille, la pagaie canot
57%
Bateau de pêche qui doit son nom au filet qu'il utilise chalutier
56%
Embarcation longue et étroite, souvent faite d'un seul tronc d'arbre creusé pirogue
53%
Bateau de plaisance de grande taille qui peut être à voiles ou à moteur yacht
52%
Navire de guerre rapide, remplissant en général des missions d'escorte croiseur
50%
Bâtiment de commerce servant au transport des marchandises cargo
48%
Navire de guerre blindé et armé de canons cuirassé
44%
Bateau large et à fond plat de transbordement de véhicules ou de personnes entre deux rives proches bac
40%
bateau à fond plat, dépourvu de moteur, généralement utilisé en convois poussés sur les rivières et canaux à grand gabarit barge
39%
Navire léger à deux mâts goélette
37%
Grand Canot, à bord des bateaux chaloupe
36%
Croiseur de guerre rapide. destroyer
35%
Voilier à deux mâts exclusivement : un grand mât (arrière) et le mât de misaine plus petit à l'avant, gréé entièrement en voiles brick
34%
Voilier d'Extrême,Orient jonque
33%
Navire qui transporte des produits pétroliers tanker
32%
Ancien bâtiment de guerre de la marine à voile, intermédiaire entre la frégate et le brick. Aujourd'hui, bâtiment de moyen tonnage armé pour la lutte anti-sous-marine corvette
31%
Ancien navire de commerce. Ce terme de marine désigne un bâtiment marin à voiles et armé. Il était utilisé par le Royaume d'Espagne pour faire du commerce avec le Nouveau Monde. galion
30%
Autre nom pour désigner un navire vaisseau
27%
Navire de guerre équipé pour la protection navale escorteur
22%
Bâtiment de guerre, et, par extension, bateau à moteur rapide et léger vedette
22%
Bâtiment de guerre rapide, utilisé autrefois pour assurer des liaisons et aujourd'hui pour escorter d'autres navires ou pour lutter contre les sous-marins. aviso
14%
Embarcation légère et étroite qui se propulse à l'aide de rames yole
12%
Embarcation faite de rames et de voiles exclusivement réservée au transport de marchandises. gabare
7%
Bâtiment de petite taille composé d'un ou deux mâts brigantin
4%
Petite embarcation à voile ou à rame permettant, entre autres, de relier les navires à la terre ferme. youyou
2%
Sorte de radeau de bois équipé d'une voile naviguant sur les côtes brésiliennes jangada
1%
Aucun quiz correspondant
Distribution des résultats
% des personnes avec chaque résultat
Percentile par nombre de réponses
Votre historique - résultats
Vous n’avez pas pris ce quiz